000 00757nam a22002297a 4500
999 _c15149
_d15149
003 AR-CdUCM
008 190426b ||||| |||| 00| 0 spa d
020 _a978-84-9825-752-6
040 _aMUNICIPALIDAD PROVINCIAL DEL CUSCO
_cBIBLIOTECA MUNICIPAL DEL CUSCO
082 _aPI / 376.1 /
_bES92
245 _aEstoy muy ... ¡contento! /
260 _aBarcelona :
_bCombel,
_c2012.
300 _bilustraciones,
_c19 cm
440 _aRead & Play.
_934167
500 _aObjeto libro.
_aTexto contiene un peluche pequeño en la parte exterior.
650 _aLiteratura infantil
_9588
650 _aAprendizaje infantil
_933271
650 _aCuento infantil
_93319
710 _aCombel Editorial.
_933005
942 _2ddc
_cLIBROS
945 _aachl
_d2019-04-26